A synthesis of post-fire road treatments for BAER teams : methods, treatment effectiveness, and decisionmaking tools for rehabilitation /

Bibliographic Details
Main Author: Foltz, Randy B., 1950-
Corporate Author: Rocky Mountain Research Station (Fort Collins, Colo.)
Other Authors: Robichaud, Peter R., Rhee, Hakjun
Format: Government Document eBook
Language:English
Published: Fort Collins, CO : U.S. Dept. of Agriculture, Forest Service, Rocky Mountain Research Station, [2009]
Series:General technical report RMRS ; GTR-228.
Subjects:
Online Access:https://purl.fdlp.gov/GPO/LPS118270

MARC

Tag First Indicator Second Indicator Subfields
LEADER 00000cam a2200000 a 4500
001 in00002546021
005 20211202192744.0
006 m d f
007 cr cn|||||||||
008 100104s2009 couab sb f000 0 eng c
035 |a (OCoLC)ocn495719696 
040 |a GPO  |c GPO  |d MvI  |d UtOrBLW 
042 |a pcc 
049 |a WWW 
050 0 0 |a TE229.5  |b .F65 2009 
074 |a 0083-B-06 (online) 
086 0 |a A 13.88:RMRS-GTR-228 
100 1 |a Foltz, Randy B.,  |d 1950- 
245 1 2 |a A synthesis of post-fire road treatments for BAER teams :  |b methods, treatment effectiveness, and decisionmaking tools for rehabilitation /  |c Randy B. Foltz, Peter R. Robichaud, and Hakjun Rhee. 
264 1 |a Fort Collins, CO :  |b U.S. Dept. of Agriculture, Forest Service, Rocky Mountain Research Station,  |c [2009] 
300 |a 1 online resource (iii, 152 pages) :  |b illustrations (some color), maps (some color) 
336 |a text  |b txt  |2 rdacontent 
337 |a computer  |b c  |2 rdamedia 
338 |a online resource  |b cr  |2 rdacarrier 
490 1 |a General technical report RMRS ;  |v GTR 228 
500 |a Title from PDF title screen (viewed on Jan. 4, 2009). 
504 |a Includes bibliographical references. 
500 |a Electronic resource. 
650 0 |a Forest roads  |x Maintenance and repair. 
650 0 |a Forest roads  |x Environmental aspects. 
650 0 |a Forest fires  |x Environmental aspects. 
776 0 8 |i Print version:  |a Foltz, Randy B.  |t A synthesis of post-fire road treatments for BAER teams  |h iii, 152 p.  |w (DLC) 2009438054  |w (OCoLC)430839857 
700 1 |a Robichaud, Peter R. 
700 1 |a Rhee, Hakjun. 
710 2 |a Rocky Mountain Research Station (Fort Collins, Colo.) 
830 0 |a General technical report RMRS ;  |v GTR-228. 
856 4 0 |u https://purl.fdlp.gov/GPO/LPS118270  |t 0 
999 |a MARS 
999 f f |s e914624d-b1f8-3be8-8c8f-eaafd216fb74  |i f653aa8b-9e6f-36eb-b940-df5b80505ac0  |t 0 
952 f f |a Texas A&M University  |b College Station  |c Electronic Resources  |d Available Online  |t 0  |e A 13.88:RMRS-GTR-228  |h Superintendent of Documents classification 
998 f f |a A 13.88:RMRS-GTR-228  |t 0  |l Available Online